00937nam a2200229 a 450000100100000000500170001000800410002704000250006808200150009310000350010824501450014326000480028830000100033649000310034649000690037750000620044650400270050870000340053570000360056983000700060583000320067500004557820201002052327.0150415s1989 dr a 000 0 spa d aDO-SdBNPbspacBNPHU axxxxbxxxx1 aBetánces de Holguín, Nelly10aPrincipios de bioseguridad en laboratorios de salud /cNelly Betánces de Holguín, Griselda Andújar de Báez, Odette García-Peguero. aSanto Domingo :bUniversitaria UASD,c1989. a77 P.1 aNormatización y Saludv21 aPublicaciones de la Universidad Autónoma de Santo Domingov612 aPerteneció a la biblioteca personal de Erick Landestoy. aBibliografía : p. 7712aAndújar de Báez, Griselda12aGarcía Peguero, Blanca Odette 0aPublicaciones de la Universidad Autónoma de Santo Domingo.n612 0aNormatización y Salud.n2